000 01313cam a22003617a 4500
003 CHAP
005 20220329142023.0
008 990304d1999 mx abd r 00110 spa d
010 _a77156
011 _a78128
035 _a87979
040 _cCHAP
090 _aTesis
100 0 0 _aBarrera Cristóbal, Herminio.
_910379
245 0 _aTlacolol :
_bsistema agroforestal del trópico seco
_c/por Herminio Barrera Cristóbal
260 _aChapingo, Méx. :
_bEl autor,
_c1999.
300 _a55 h. ;
_bilus. ; mapas, ; cuadros, ; diagrámas
502 _aTesis (Ing. Forestal con Orientación en Silvicultura) --UACH. División de Ciencias Forestales
590 _aALEPH
_b10
_c20130110
_lUCH01
_h1428
590 _aBATCH-UPD
_b10
_c20130110
_lUCH01
_h0653
590 _aBATCH-UPD
_b10
_c20130410
_lUCH01
_h0338
590 _aBATCH-UPD
_b10
_c20130913
_lUCH01
_h2208
590 _aCONVERSION
_b10
_c20130109
_lUCH01
_h1342
650 1 4 _aAgroforestería
_zGuerrero.
_92178
650 1 4 _aÁrboles tropicales.
_982448
650 1 4 _aSistemas de producción.
_9106767
901 _aBK
905 _aMayto Villalobos S.
942 _cFOLL
949 _bBC
_cTES
_d33724000714317
_eTS2
_fc.2
_h33737
_i87979
_si
949 _bBC
_cTES
_d33724000759320
_eTS2
_fc.3
_h35090
_i87979
_sb
949 _bBC
_cTES
_d879791
_eTS1
_h33736
_i87979
_sb
999 _c77156
_d77156